000 00622nam a2200265Ia 4500
005 20260306163950.0
008 008 260114s9999 xx 000 0 eng d
020 _a9781474480628
037 _aEBOOK
040 _aCRL
040 _beng
040 _cCRL
041 _2eng
041 _aeng
084 _qCRL
100 _aMccarthy
245 0 _aOutlaws And Spies: Legal Exclusion In Law And Literature
260 _bEdinburgh University Press
260 _c2020
650 _aLaw
856 _uhttps://academic.oup.com/book/31633
942 _cEBOOK
999 _c1712212
_d1712212